00211nam a22000857a 4500082000800000100002500008245002700033260005400060300001100114 a297 aS. Abul A'LA Maududi aFundamentals of Islam  aLahore (pakistan)bIslamic Publications ltdc1974 a263 p.